[Event "#26"]
[Site "http://www.queenalice.com/game.php?id=1155542"]
[Date "2013.2.26"]
[Round "-"]
[White "chuckvondra"]
[Black "hennastalker"]
[Result "1/2-1/2"]
[WhiteElo "2039"]
[BlackElo "2059"]

1. e4 e6 2. d4 d5 3. e5 b6 4. Nf3 Ba6 5. Bxa6 Nxa6 6. a3 c5 7. c3 Qd7 8. O-O g6
9. Be3 Bg7 10. Nbd2 Ne7 11. Qe2 Nb8 12. Bf4 Nec6 13. Qe3 cxd4 14. Nxd4 Nxd4 15.
cxd4 Nc6 16. b4 Rc8 17. Rac1 O-O 18. Nf3 f6 19. Rfe1 f5 20. Red1 a5 1/2-1/2

[Event "#27"]
[Site "http://www.queenalice.com/game.php?id=1155543"]
[Date "2013.2.26"]
[Round "-"]
[White "hennastalker"]
[Black "chuckvondra"]
[Result "0-1"]
[WhiteElo "2005"]
[BlackElo "2071"]

1. c4 c5 2. g3 Nc6 3. Bg2 Nf6 4. Nc3 g6 5. a3 Bg7 6. Rb1 d6 7. b4 O-O 8. b5 Ne5
9. d3 Rb8 10. Bg5 b6 11. Qc2 Bb7 12. e4 h6 13. Bxf6 Bxf6 14. Nge2 g5 15. f4 Ng4
16. Qd2 e6 17. O-O e5 18. h3 exf4 19. hxg4 fxg3 20. Nxg3 Be5 21. Nf5 Qf6 22. Ne2
Bc8 23. Ne3 Qg7 24. Rf3 Bd4 25. Nxd4 cxd4 26. Nf5 Bxf5 27. exf5 Qf6 28. Rh3 Rfe8
29. Be4 Re5 30. Kg2 Kg7 31. Rc1 Rc5 32. a4 Re8 33. a5 Rb8 34. axb6 axb6 35. Ra1
Rc7 36. Rhh1 Re7 37. Ra6 Qe5 38. Rha1 Qc5 39. Kf3 Kf6 40. Qh2 Kg7 41. Rh1 Rh8
42. Qb2 Rb8 43. Qa3 Qc7 0-1

[Event "#28"]
[Site "http://www.queenalice.com/game.php?id=1155544"]
[Date "2013.2.26"]
[Round "-"]
[White "Catao"]
[Black "hennastalker"]
[Result "0-1"]
[WhiteElo "2080"]
[BlackElo "2054"]

1. d4 e6 2. c4 d5 3. Nf3 Nf6 4. Nc3 Be7 5. Bf4 O-O 6. e3 c5 7. cxd5 exd5 8. Bd3
Nc6 9. a3 Bg4 10. h3 Bxf3 11. Qxf3 cxd4 12. exd4 Nxd4 13. Qd1 Nc6 14. O-O Bc5
15. Qc2 h6 16. Be3 d4 17. Rad1 dxe3 18. Bh7+ Nxh7 19. Rxd8 exf2+ 20. Kh1 Rfxd8
21. Ne4 Bb6 22. Nxf2 Nf6 23. Ne4 Nxe4 24. Qxe4 Re8 0-1

[Event "#29"]
[Site "http://www.queenalice.com/game.php?id=1157596"]
[Date "2013.3.4"]
[Round "-"]
[White "hennastalker"]
[Black "adelio"]
[Result "1-0"]
[WhiteElo "2073"]
[BlackElo "1716"]

1. c4 c5 2. g3 e5 3. Bg2 a6 4. Nc3 Nc6 5. d3 Ra7 6. Nf3 b6 7. O-O d6 8. Ne1 Nce7
9. Nc2 Nf5 10. Be3 g5 11. Qd2 h6 12. b4 Re7 13. Nd5 Re6 14. Be4 Rg6 15. g4 Nxe3
16. Ncxe3 Rg7 17. a4 h5 18. f3 hxg4 19. fxg4 Rgh7 20. Bxh7 Rxh7 21. b5 a5 22.
Rf2 Nh6 23. Nf6+ Ke7 24. Nxh7 Bg7 25. Nxg5 f6 26. Ne4 Nxg4 27. Nxg4 Bxg4 28. Rg2
Qd7 29. Nf2 f5 30. Rf1 Bf6 31. Qh6 Qe8 32. Nxg4 fxg4 33. Qxf6+ Kd7 34. Qg7+ Qe7
35. Rf7 Qxf7 36. Qxf7+ Kd8 37. Rxg4 e4 38. Rg8# 1-0

[Event "#30"]
[Site "http://www.queenalice.com/game.php?id=1157597"]
[Date "2013.3.4"]
[Round "-"]
[White "adelio"]
[Black "hennastalker"]
[Result "0-1"]
[WhiteElo "1815"]
[BlackElo "2071"]

1. d4 e6 2. e4 d5 3. e5 b6 4. Nf3 Ba6 5. a3 Bxf1 6. Rxf1 Nd7 7. Ra2 g6 8. b4 a5
9. c3 Bg7 10. h4 Ne7 11. g4 c5 12. Ng5 axb4 13. Nxf7 Kxf7 14. f4 Rf8 15. h5 Kg8
16. Rh2 bxc3 17. Nxc3 cxd4 18. h6 Bxe5 19. fxe5 Rxf1+ 20. Kxf1 dxc3 21. Bg5 Rc8
22. Rc2 Rc4 23. Rf2 Nxe5 24. Bf6 Nxg4 25. Rf3 c2 26. Qc1 Nxh6 27. Kg2 Nhf5 28.
Rxf5 exf5 29. Qh6 Qf8 30. Qxf8+ Kxf8 31. Bb2 c1=Q 32. Bxc1 Rxc1 33. Kf3 Re1 34.
Kf2 Re6 35. a4 d4 36. Kf1 d3 37. Kf2 d2 38. Kg3 d1=Q 39. Kf2 Qd3 40. Kg2 Re2+
41. Kh1 Qd1# 0-1

[Event "#31"]
[Site "http://www.queenalice.com/game.php?id=1158535"]
[Date "2013.3.8"]
[Round "-"]
[White "hennastalker"]
[Black "GEMAN"]
[Result "0-1"]
[WhiteElo "2064"]
[BlackElo "2107"]

1. c4 Nf6 2. g3 g6 3. Bg2 Bg7 4. Nc3 c5 5. a3 Nc6 6. Rb1 a5 7. Nh3 d6 8. Nf4 O-O
9. O-O Ne5 10. d3 Rb8 11. b4 cxb4 12. axb4 axb4 13. Rxb4 Bd7 14. Rxb7 Rxb7 15.
Bxb7 g5 16. Nfd5 Nxd5 17. Bxd5 Bh3 18. Bg2 Bxg2 19. Kxg2 g4 20. Qc2 Qa8+ 21. Kg1
Rb8 22. Be3 e6 23. Bd2 f5 24. Rb1 Rxb1+ 25. Qxb1 Nc6 26. e3 Ne5 27. Kf1 Qh1+ 28.
Ke2 Qf3+ 29. Kf1 Bf8 30. Qc2 Qh1+ 31. Ke2 Qf3+ 32. Kf1 Qh1+ 33. Ke2 Nf3 34. d4
Nxh2 35. Qd1 Qf3+ 36. Ke1 Qc6 0-1

[Event "#33"]
[Site "http://www.queenalice.com/game.php?id=1163428"]
[Date "2013.3.22"]
[Round "-"]
[White "hennastalker"]
[Black "GiulioTorino"]
[Result "1-0"]
[WhiteElo "2070"]
[BlackElo "1780"]

1. c4 e5 2. g3 Nf6 3. Bg2 Nc6 4. Nc3 a6 5. d3 d6 6. Bg5 Be6 7. e3 h6 8. Bxf6
Qxf6 9. Nge2 h5 10. Qb3 b5 11. Bxc6+ Ke7 12. Bxa8 g6 13. Bg2 d5 14. cxd5 Bd7 15.
d6+ Kd8 16. dxc7+ Kxc7 17. Nd5+ 1-0

[Event "#34"]
[Site "http://www.queenalice.com/game.php?id=1163429"]
[Date "2013.3.22"]
[Round "-"]
[White "GiulioTorino"]
[Black "hennastalker"]
[Result "0-1"]
[WhiteElo "1780"]
[BlackElo "2075"]

1. e4 e6 2. d4 d5 3. Nc3 Nf6 4. Bg5 Bb4 5. e5 h6 6. Bh4 g5 7. exf6 gxh4 8. Qf3
Nd7 9. Bb5 c6 10. Be2 Nxf6 11. Nh3 Qe7 12. Nf4 e5 13. Nh5 Nxh5 14. Qxh5 exd4 15.
a3 Ba5 16. b4 Bc7 17. Na4 Be6 18. Nc5 O-O-O 19. a4 a5 20. b5 Qxc5 21. bxc6 Qc3+
0-1

[Event "#35"]
[Site "http://www.queenalice.com/game.php?id=1163430"]
[Date "2013.3.22"]
[Round "-"]
[White "hennastalker"]
[Black "GiulioTorino"]
[Result "1/2-1/2"]
[WhiteElo "2087"]
[BlackElo "1666"]

1. c4 e6 2. g3 Bc5 3. Bg2 Nc6 4. Nc3 Nf6 5. e4 a6 6. Nge2 Nd4 7. d3 d5 8. cxd5
exd5 9. exd5 Nxd5 10. Nxd5 Bh3 11. Bxh3 Qxd5 12. O-O Nf3+ 13. Kh1 Nh4+ 1/2-1/2

[Event "#36"]
[Site "http://www.queenalice.com/game.php?id=1163431"]
[Date "2013.3.22"]
[Round "-"]
[White "GiulioTorino"]
[Black "hennastalker"]
[Result "0-1"]
[WhiteElo "1725"]
[BlackElo "2056"]

1. e4 e6 2. f4 d5 3. e5 c5 4. c3 Nc6 5. Bb5 Ne7 6. a4 Bd7 7. Nf3 g6 8. d4 Bg7 9.
dxc5 O-O 10. b4 Nb8 11. Nd4 a6 12. Be2 Nec6 13. Nd2 Nxe5 14. fxe5 Bxe5 15. N2f3
Bg7 16. O-O Qc7 17. Ng5 e5 18. Nb3 Bc6 19. Bb2 Nd7 20. Bh5 gxh5 21. Qxh5 h6 22.
Nxf7 Nf6 23. Qg6 Rxf7 24. Bc1 Raf8 25. Bxh6 Qe7 26. Rf2 Kh8 27. Raf1 Bxh6 28.
Qxh6+ Kg8 29. Rf5 Bxa4 30. Na5 Bc6 31. Nb3 Nh7 32. Qg6+ Rg7 33. Qh5 Rxf5 34.
Rxf5 Nf6 35. Qh3 e4 36. Nd4 Bd7 0-1

[Event "#38"]
[Site "http://www.queenalice.com/game.php?id=1166015"]
[Date "2013.3.30"]
[Round "-"]
[White "DAPONT"]
[Black "hennastalker"]
[Result "1-0"]
[WhiteElo "2075"]
[BlackElo "2075"]

1. e4 e6 2. d4 d5 3. Nc3 Nf6 4. Bg5 Bb4 5. Ne2 dxe4 6. a3 Be7 7. Bxf6 gxf6 8.
Nxe4 b6 9. N2c3 Bb7 10. Bd3 Nd7 11. Qe2 Rg8 12. O-O-O Rxg2 13. Ng3 f5 14. d5
Bg5+ 15. Kb1 Qf6 16. Qf3 Bxd5 17. Nxd5 1-0

[Event "#39"]
[Site "http://www.queenalice.com/game.php?id=1166016"]
[Date "2013.3.30"]
[Round "-"]
[White "hennastalker"]
[Black "jeancarlo1910"]
[Result "1-0"]
[WhiteElo "2040"]
[BlackElo "1836"]

1. c4 e5 2. g3 Nc6 3. Bg2 Nf6 4. Nc3 Bb4 5. Nd5 O-O 6. Nxb4 Nxb4 7. d3 h6 8. b3
d6 9. Bb2 c5 10. Qd2 Nc6 11. e3 Bg4 12. Ne2 a5 13. O-O Bxe2 14. Qxe2 Qd7 15. f4
Kh8 16. Bc3 exf4 17. Rxf4 Ne5 18. Raf1 Ng6 19. Rf5 Rae8 20. Rxf6 gxf6 21. Bxf6+
Kh7 22. Be4 Qh3 23. Bf5 Qxf1+ 24. Kxf1 b6 25. Qh5 Rxe3 26. Be4 Rxe4 27. dxe4 Re8
28. Qf5 Re6 29. h4 1-0

[Event "#40"]
[Site "http://www.queenalice.com/game.php?id=1166017"]
[Date "2013.3.30"]
[Round "-"]
[White "jeancarlo1910"]
[Black "hennastalker"]
[Result "0-1"]
[WhiteElo "1516"]
[BlackElo "2048"]

1. e4 e6 2. d4 d5 3. e5 b6 4. Nf3 Ba6 5. Bd3 Bxd3 6. cxd3 Nd7 7. O-O h6 8. a3
Ne7 9. Nc3 c5 10. Ne2 Nc6 11. dxc5 bxc5 12. Bf4 Rb8 13. b3 Qc7 14. h3 g5 15. Bh2
Bg7 16. Rb1 Ncxe5 17. Ng3 O-O 18. Nh5 Bh8 19. Nxe5 Bxe5 20. f4 Bd6 0-1

[Event "#37"]
[Site "http://www.queenalice.com/game.php?id=1166724"]
[Date "2013.3.31"]
[Round "-"]
[White "hennastalker"]
[Black "jeancarlo1910"]
[Result "1-0"]
[WhiteElo "2050"]
[BlackElo "1504"]

1. c4 e5 2. g3 Nf6 3. Bg2 c6 4. d4 e4 5. Nc3 d5 6. cxd5 cxd5 7. Bg5 Be7 8. Qb3
O-O 9. Rc1 b6 10. Bxf6 Bxf6 11. Nxd5 Be6 12. Nxf6+ Qxf6 13. Qe3 Bd5 14. Bxe4
Bxe4 15. Qxe4 Na6 16. Nf3 Rfe8 17. Qd3 Nb4 18. Qc4 Nxa2 19. Qxa2 Qxf3 20. O-O
Qxe2 21. Rfd1 a5 22. Qa3 g6 23. Qc3 Rec8 24. Qd2 Qxd2 25. Rxc8+ Rxc8 26. Rxd2 f5
27. f4 Kf7 28. Kf2 Ke6 29. Ke3 Kd5 30. h3 1-0

[Event "#41"]
[Site "http://www.queenalice.com/game.php?id=1170538"]
[Date "2013.4.12"]
[Round "-"]
[White "hennastalker"]
[Black "leduar"]
[Result "0-1"]
[WhiteElo "2060"]
[BlackElo "1935"]

1. c4 c5 2. g3 Nc6 3. Bg2 g6 4. Nc3 Bg7 5. a3 a5 6. Nf3 d6 7. O-O e5 8. d3 h6 9.
Ne1 Nge7 10. Nc2 Be6 11. Bd2 Rb8 12. Rb1 Nd4 13. b4 axb4 14. axb4 Nxc2 15. Qxc2
b6 16. Rb3 O-O 17. Ra1 Qc7 18. Nb5 Qd7 19. Ra7 Qd8 20. Qa2 d5 21. Rba3 Nc6 22.
R7a4 dxc4 23. dxc4 Nd4 24. Nxd4 exd4 25. Ra7 b5 26. R3a5 bxc4 27. Rxc5 c3 0-1

[Event "#42"]
[Site "http://www.queenalice.com/game.php?id=1170539"]
[Date "2013.4.12"]
[Round "-"]
[White "leduar"]
[Black "hennastalker"]
[Result "1-0"]
[WhiteElo "1972"]
[BlackElo "2059"]

1. e4 e6 2. d4 d5 3. Bd3 c5 4. exd5 exd5 5. Qe2+ Be6 6. Nf3 Nc6 7. c3 Nf6 8. Bg5
cxd4 9. Nxd4 Nxd4 10. cxd4 Bb4+ 11. Nc3 O-O 12. O-O Re8 13. Qf3 Be7 14. Rfe1 Qb6
15. Rab1 Qxd4 16. Ne2 Qb6 17. Nf4 h6 18. Nxe6 fxe6 19. Bxh6 gxh6 20. Qg3+ Kh8
21. Qg6 h5 22. Re5 1-0

[Event "#43"]
[Site "http://www.queenalice.com/game.php?id=1170540"]
[Date "2013.4.12"]
[Round "-"]
[White "hennastalker"]
[Black "leduar"]
[Result "1-0"]
[WhiteElo "2052"]
[BlackElo "1958"]

1. c4 b6 2. Nc3 e6 3. e4 Bb7 4. g3 Nf6 5. Bg2 Bb4 6. Nge2 O-O 7. O-O d5 8. cxd5
exd5 9. e5 Ne4 10. d4 Nxc3 11. Nxc3 c6 12. Ne2 Ba6 13. f4 Nd7 14. f5 f6 15. e6
Qe7 16. Rf2 Nc5 17. a3 Nd3 18. Rf3 Nxc1 19. Rxc1 Bd6 20. Rxc6 Rac8 21. Rcc3 Rc7
22. Rxc7 Qxc7 23. Rc3 Qb8 24. Bxd5 Re8 25. Bc4 Bb7 26. Re3 Kf8 27. b4 a6 28. Nc3
b5 29. Bb3 Qa8 30. d5 Ke7 31. Ne4 Rd8 32. Qh5 Rf8 33. Qxh7 Rg8 34. Nxf6 Kxf6 35.
Qg6+ Ke7 36. Qf7+ Kd8 37. Qd7# 1-0

[Event "#44"]
[Site "http://www.queenalice.com/game.php?id=1170541"]
[Date "2013.4.12"]
[Round "-"]
[White "leduar"]
[Black "hennastalker"]
[Result "1/2-1/2"]
[WhiteElo "2018"]
[BlackElo "2058"]

1. e4 e6 2. d3 d5 3. Nd2 Nf6 4. Ngf3 c5 5. exd5 exd5 6. Be2 Nc6 7. b3 d4 8. Bb2
b5 9. O-O Be6 10. c4 b4 11. a3 a5 12. axb4 axb4 13. Rxa8 Qxa8 14. Qa1 Qb7 15.
Qa4 Bd6 16. Ng5 Bd7 1/2-1/2

[Event "#45"]
[Site "http://www.queenalice.com/game.php?id=1170542"]
[Date "2013.4.12"]
[Round "-"]
[White "hennastalker"]
[Black "leduar"]
[Result "0-1"]
[WhiteElo "2051"]
[BlackElo "2007"]

1. c4 f5 2. g3 Nf6 3. Bg2 g6 4. Nc3 Bg7 5. d3 d6 6. e4 Nc6 7. Nge2 e5 8. exf5
Bxf5 9. Bg5 h6 10. Bxf6 Bxf6 11. O-O Rb8 12. a3 O-O 13. Qd2 Kg7 14. Rfd1 Nd4 15.
Nxd4 exd4 16. Ne2 c6 17. f4 g5 18. b4 a6 19. Rf1 Qd7 20. fxg5 Bxg5 21. Qb2 Be3+
22. Kh1 c5 23. Rad1 Bg4 24. Qc2 Rf2 25. Rxf2 Bxf2 26. Rf1 Be3 27. Nf4 Re8 28.
Be4 h5 29. Qg2 b5 30. cxb5 axb5 31. Bc6 Qe7 32. Bxe8 Qxe8 33. Re1 Qf7 34. Qe4 d5
35. Qxd5 Qxd5+ 36. Nxd5 Bf3# 0-1

[Event "#46"]
[Site "http://www.queenalice.com/game.php?id=1170543"]
[Date "2013.4.12"]
[Round "-"]
[White "leduar"]
[Black "hennastalker"]
[Result "0-1"]
[WhiteElo "1969"]
[BlackElo "2050"]

1. e4 e6 2. d4 d5 3. Be3 dxe4 4. Nc3 Nf6 5. f3 Nd5 6. Bd2 exf3 7. Nxf3 Bb4 8.
Nxd5 Bxd2+ 9. Qxd2 exd5 10. O-O-O O-O 11. Bd3 Nd7 12. Rhf1 Nf6 13. Ng5 h6 14.
Rxf6 Qxf6 15. Nh7 Qd6 16. Nxf8 Kxf8 17. g3 Bg4 18. Re1 Re8 19. Rxe8+ Kxe8 20.
Qe3+ Qe6 21. Kd2 Qxe3+ 22. Kxe3 Ke7 23. h4 g5 24. c4 dxc4 25. Bxc4 f5 26. b4 b6
27. b5 Kf6 28. a3 Bh5 29. Kf2 Bf7 30. Bd3 Bd5 31. Ke3 Ke6 32. Kf2 Be4 33. Bc4+
Kf6 34. Ke3 Kg6 35. Be2 Bg2 36. Kf2 Bh3 37. Ke3 Bg4 38. Bd3 Kh5 39. Kf2 gxh4 40.
gxh4 f4 41. Bf1 Kxh4 42. Bg2 Bd1 43. Bf1 Kg4 44. Ke1 Bf3 45. Kf2 Bd5 46. Be2+ f3
47. Bd3 h5 48. Bf1 h4 49. Kg1 Kg3 50. a4 f2# 0-1

[Event "#47"]
[Site "http://www.queenalice.com/game.php?id=1175823"]
[Date "2013.4.27"]
[Round "-"]
[White "hennastalker"]
[Black "kingdave"]
[Result "0-1"]
[WhiteElo "2035"]
[BlackElo "2060"]

1. c4 Nf6 2. g3 c6 3. Bg2 d5 4. Nf3 dxc4 5. Qc2 b5 6. b3 cxb3 7. axb3 Bb7 8. Ba3
g6 9. O-O Bg7 10. d4 O-O 11. Nbd2 Re8 12. e4 Ng4 13. e5 e6 14. Ne4 a5 15. Nd6
Re7 16. Nd2 b4 17. Bc1 Ba6 18. Rd1 Rd7 19. N2e4 Nxe5 20. dxe5 Bxe5 21. Bb2 Bxd6
0-1

[Event "#49"]
[Site "http://www.queenalice.com/game.php?id=1175825"]
[Date "2013.4.28"]
[Round "-"]
[White "hennastalker"]
[Black "dhoang"]
[Result "0-1"]
[WhiteElo "2020"]
[BlackElo "2038"]

1. c4 e5 2. g3 Nf6 3. Bg2 Be7 4. Nc3 O-O 5. d3 d6 6. Bg5 Nc6 7. e3 h6 8. Bxf6
Bxf6 9. Nge2 Be6 10. O-O Rb8 11. Rb1 Ne7 12. b4 d5 13. cxd5 Nxd5 14. Qd2 c6 15.
d4 Nxc3 16. Nxc3 exd4 0-1

[Event "#50"]
[Site "http://www.queenalice.com/game.php?id=1175826"]
[Date "2013.4.28"]
[Round "-"]
[White "Barbaforcuta"]
[Black "hennastalker"]
[Result "0-1"]
[WhiteElo "1949"]
[BlackElo "2039"]

1. e4 e6 2. d4 d5 3. e5 b6 4. c4 Bb7 5. Nc3 Ne7 6. Nf3 Qd7 7. Bf4 Nbc6 8. cxd5
Nxd5 9. Nxd5 Qxd5 10. b3 Bb4+ 11. Bd2 O-O-O 12. Bc4 Qe4+ 13. Qe2 Qxe2+ 14. Bxe2
Bxd2+ 15. Nxd2 Nxd4 16. Rc1 Nxe2 17. Kxe2 Rd7 18. f3 Rhd8 19. Rhd1 f6 20. exf6
gxf6 21. a4 e5 22. g4 c5 23. Ne4 Bxe4 24. fxe4 Rxd1 25. Rxd1 Rxd1 26. Kxd1 Kd7
27. Kd2 a6 28. Kd3 Kd6 29. Kc4 Kc6 30. h4 b5+ 31. axb5+ axb5+ 32. Kc3 Kb6 33. g5
fxg5 34. hxg5 Ka5 0-1